000 00350nam a2200133Ia 4500
005 20251222142019.0
008 251222s9999||||xx |||||||||||||| ||spa||
020 _a84-7908-462-6
082 _a377.778/G59
100 _aGoldstein, Paul
245 0 _aEl Copyright en la Sociedad de la Información
264 _bUniversidad de Alicante
942 _cLIB
999 _c10574
_d10574